| 000 | 01209cab a22001935a 4500 | ||
|---|---|---|---|
| 001 | L138635 | ||
| 008 | 070628s2007 xxk f 000 0 eng d | ||
| 035 | _a(Sirsi) u138635 | ||
| 041 | 0 | _aeng | |
| 100 | 1 | _aParker, Jo | |
| 245 | 0 | 0 |
_aBuried infrastructure as prerequisites for development of a civilisation _bgeolocating the underworld maze of pipes and cables |
| 260 | _c2007 | ||
| 490 |
_aGeo Informatics _v10(4) June 2007, 50-51(2) |
||
| 520 | _aDescribes the purpose and organisation of the UK Engineering and Physical Sciences Research Council's £1m underground mapping and positioning research project. There is a lack of reliable data concerning a great deal of aging underground structures, pipes and cables. The project aims to improve buried asset location, identification and condition assessment technologies; methods of detection of buried assets; mapping and positioning technologies; and knowledge and data integration. A second project aims to develop low cost detectable remotely detectable labels to be fixed to underground assets. It aims to prevent the problem recurring in future. | ||
| 590 | _aKA | ||
| 651 | 4 |
_aUnited Kingdom _y |
|
| 690 | _aPROPERTY-INFRASTRUCTURE | ||
| 942 | _n0 | ||
| 999 |
_c78941 _d78941 |
||